Catálogo
 En Linea

Cómo ser un miembro de consejo o comité / (Registro nro. 24196)

Detalles MARC
000 -CABECERA
campo de control de longitud fija 00875nam a2200241 a 4500
001 - NÚMERO DE CONTROL
campo de control 000024703
005 - FECHA Y HORA DE LA ÚLTIMA TRANSACCIÓN
campo de control 20200930023323.0
008 - DATOS DE LONGITUD FIJA--INFORMACIÓN GENERAL
campo de control de longitud fija 110202s1971 mx a 000 0 spa d
040 ## - FUENTE DE LA CATALOGACIÓN
Centro catalogador/agencia de origen DO-SdBNP
Lengua de catalogación spa
Centro/agencia transcriptor BNPHU
041 17 - CÓDIGO DE LENGUA
Código de lengua del texto/banda sonora o título independiente spa
Código de lengua original eng
082 ## - NÚMERO DE LA CLASIFICACIÓN DECIMAL DEWEY
Número de clasificación 658.422
Número de documento/Ítem S713c
100 1# - ENTRADA PRINCIPAL--NOMBRE DE PERSONA
Nombre de persona Sorenson, Roy
9 (RLIN) 50665
245 10 - MENCIÓN DE TÍTULO
Título Cómo ser un miembro de consejo o comité /
Mención de responsabilidad, etc. Roy Sorenson ; traducción Cárdenas Barrios, René.
260 ## - PUBLICACIÓN, DISTRIBUCIÓN, ETC.
Lugar de publicación, distribución, etc. México :
Nombre del editor, distribuidor, etc. Diana,
Fecha de publicación, distribución, etc. 1971.
300 ## - DESCRIPCIÓN FÍSICA
Extensión 79 p. :
Otras características físicas il. ;
Dimensiones 18 cm.
490 1# - MENCIÓN DE SERIE
Mención de serie Biblioteca para el director de grupos
Designación de volumen o secuencia 2
534 ## - NOTA SOBRE LA VERSIÓN ORIGINAL
Encabezamiento principal del original Título original:
Mención de título del original How to be a board or committee member.
650 #4 - PUNTO DE ACCESO ADICIONAL DE MATERIA--TÉRMINO DE MATERIA
Término de materia o nombre geográfico como elemento de entrada Consejos de administración
9 (RLIN) 50666
650 #4 - PUNTO DE ACCESO ADICIONAL DE MATERIA--TÉRMINO DE MATERIA
Término de materia o nombre geográfico como elemento de entrada Consejos económicos
9 (RLIN) 50667
650 #4 - PUNTO DE ACCESO ADICIONAL DE MATERIA--TÉRMINO DE MATERIA
Término de materia o nombre geográfico como elemento de entrada Comites administrativos
9 (RLIN) 50668
700 1# - PUNTO DE ACCESO ADICIONAL--NOMBRE DE PERSONA
Nombre de persona René Cárdenas Barrios,
Término indicativo de función/relación tr.
9 (RLIN) 50669
830 #0 - PUNTO DE ACCESO ADICIONAL DE SERIE-TÍTULO UNIFORME
Título uniforme Biblioteca para el director de grupos ;
Número de parte o sección de la obra 2
9 (RLIN) 50670
Existencias
Estado de retiro Estado de pérdida Restricciones de uso No para préstamo Código de colección Localización permanente Ubicación/localización actual Ubicación en estantería Fecha de adquisición Número de inventario Total de préstamos Signatura topográfica completa Código de barras Fecha visto por última vez Precio válido a partir de Tipo de ítem Koha Número de copia
      Excluido de préstamo Monografías: Libros y Folletos General General Depósito 02.02.2011 LF1   658.422 S713c 24703-10 25.06.2020 25.06.2020 No se presta  
  Extraviado   Excluido de préstamo Monografías: Libros y Folletos General General Extraviado 02.06.2017 LF1   658.422 S713c 24703-20 25.06.2020 25.06.2020 No se presta e. 2

Con tecnología Koha